[Event "448. Wednesday (05.08.2020)"]
[Site "Official B"]
[Date "2020.08.05"]
[Round "1"]
[White "Gaius Bonus"]
[Black "Cucufato"]
[Result "0-1"]
[WhiteElo "1619"]
[BlackElo "1876"]
[Annotator "NA RC"]
[PlyCount "59"]
[EventDate "2020.08.05"]
[EventType "swiss (blitz)"]

1. e4 {[%emt 0:00:02]} c6 {[%emt 0:00:02]} 2. d4 {[%emt 0:00:02]} d5 {[%emt 0:00:01]} 3. exd5 {[%emt 0:00:02]} cxd5 {[%emt 0:00:01]} 4. Nf3 {[%emt 0:00:00]} Nf6 {[%emt 0:00:01]} 5. Be2 {[%emt 0:00:01]} Nc6 {[%emt 0:00:07]} 6. O-O {[%emt 0:00:01]} Bg4 {[%emt 0:00:03]} 7. Be3 {[%emt 0:00:00]} e6 {[%emt 0:00:01]} 8. c3 {[%emt 0:00:05]} Bd6 {[%emt 0:00:04]} 9. Nbd2 {[%emt 0:00:01]} Qc7 {[%emt 0:00:03]} 10. b4 {[%emt 0:00:02]} O-O {[%emt 0:00:05]} 11. a4 {[%emt 0:00:00]} Bh5 {[%emt 0:00:05]} 12. a5 {[%emt 0:00:02]} Rfc8 {[%emt 0:00:05]} 13. b5 {[%emt 0:00:08]} Nxa5 {[%emt 0:00:04]} 14. Ne5 {[%emt 0:00:07]} Bxe2 {[%emt 0:00:13]} 15. Qxe2 {[%emt 0:00:01]} Qxc3 {[%emt 0:00:11]} 16. Ndf3 {[%emt 0:00:13]} Qc7 {[%emt 0:00:19]} 17. Rfc1 {[%emt 0:00:17]} Qd8 {[%emt 0:00:01]} 18. Rxc8 {[%emt 0:00:04]} Rxc8 {[%emt 0:00:02]} 19. h4 {[%emt 0:00:02]} Ne4 {[%emt 0:00:10]} 20. Nd3 {[%emt 0:00:21]} b6 {[%emt 0:00:24]} 21. Nfe5 {[%emt 0:00:05]} f6 {[%emt 0:00:13]} 22. Ng4 {[%emt 0:00:06]} Qe7 {[%emt 0:00:31]} 23. g3 {[%emt 0:00:04]} Nc4 {[%emt 0:00:08]} 24. Kg2 {[%emt 0:00:21]} Qd7 {[%emt 0:00:15]} 25. Nh2 {[%emt 0:00:07]} e5 {[%emt 0:00:14]} 26. Nf3 {[%emt 0:00:10]} Nc3 {[%emt 0:00:11]} 27. Qf1 {[%emt 0:00:06]} e4 {[%emt 0:00:02]} 28. Qe1 {[%emt 0:00:13]} exf3+ {[%emt 0:00:04]} 29. Kxf3 {[%emt 0:00:06]} Qf5+ {[%emt 0:00:14]} 30. Kg2 {[%emt 0:00:02] Gaius Bonus gibt auf (Lag: Av=0.28s, max=0.9s)} 0-1

[Event "448. Wednesday (05.08.2020)"]
[Site "Official B"]
[Date "2020.08.05"]
[Round "1"]
[White "Sadbat1122"]
[Black "Chesstiger9"]
[Result "1/2-1/2"]
[WhiteElo "1580"]
[BlackElo "1969"]
[Annotator "NA RC"]
[PlyCount "72"]
[EventDate "2020.08.05"]
[EventType "swiss (blitz)"]

{- Volkov, Yuri} 1. e4 {[%emt 0:00:03]} g6 {[%emt 0:00:03]} 2. Nf3 {[%emt 0:00:03]} Bg7 {[%emt 0:00:01]} 3. d4 {[%emt 0:00:02]} d6 {[%emt 0:00:01]} 4. Bc4 {[%emt 0:00:02]} Nf6 {[%emt 0:00:01]} 5. e5 {[%emt 0:00:10]} dxe5 {[%emt 0:00:01]} 6. Nxe5 {[%emt 0:00:02]} O-O {[%emt 0:00:02]} 7. O-O {[%emt 0:00:03]} c6 {[%emt 0:00:13]} 8. c3 {[%emt 0:00:03]} Nbd7 {[%emt 0:00:02]} 9. Nf3 {[%emt 0:00:03]} h6 {[%emt 0:00:10]} 10. Bf4 {[%emt 0:00:07]} Nd5 {[%emt 0:00:01]} 11. Bg3 {[%emt 0:00:04]} f5 {[%emt 0:00:03]} 12. Be5 {[%emt 0:00:07]} Nxe5 {[%emt 0:00:03]} 13. Nxe5 {[%emt 0:00:03]} Bxe5 {[%emt 0:00:12]} 14. dxe5 {[%emt 0:00:02]} Be6 {[%emt 0:00:01]} 15. Bb3 {[%emt 0:00:08]} Kh7 {[%emt 0:00:07]} 16. Na3 {[%emt 0:00:04]} f4 {[%emt 0:00:07]} 17. Qf3 {[%emt 0:00:06]} g5 {[%emt 0:00:03]} 18. Rad1 {[%emt 0:00:10]} g4 {[%emt 0:00:06]} 19. Qd3+ {[%emt 0:00:03]} Bf5 {[%emt 0:00:01]} 20. Qd2 {[%emt 0:00:07]} Be6 {[%emt 0:00:39]} 21. Bc2+ {[%emt 0:00:07]} Kg7 {[%emt 0:00:06]} 22. Qd3 {[%emt 0:00:20]} Bf5 {[%emt 0:00:01]} 23. Qd2 {[%emt 0:00:03]} Bxc2 {[%emt 0:00:01]} 24. Qxc2 {[%emt 0:00:02]} Qc7 {[%emt 0:00:04]} 25. Qe4 {[%emt 0:00:04]} Rad8 {[%emt 0:00:21]} 26. Nc4 {[%emt 0:00:07]} b5 {[%emt 0:00:18]} 27. Na3 {[%emt 0:00:03]} e6 {[%emt 0:00:05]} 28. c4 {[%emt 0:00:06]} bxc4 {[%emt 0:00:17]} 29. Nxc4 {[%emt 0:00:02]} h5 {[%emt 0:00:11]} 30. Nd6 {[%emt 0:00:03]} Qe7 {[%emt 0:00:12]} 31. a3 {[%emt 0:00:11]} Qg5 {[%emt 0:00:06]} 32. Rfe1 {[%emt 0:00:18]} f3 {[%emt 0:00:02]} 33. Rc1 {[%emt 0:00:24]} fxg2 {[%emt 0:00:08]} 34. Rxc6 {[%emt 0:00:11]} Rd7 {[%emt 0:00:52]} 35. Rc8 {[%emt 0:00:13]} Rxc8 {[%emt 0:00:04]} 36. Nxc8 {[%emt 0:00:02]} Nf4 {[%emt 0:00:01] Chesstiger9 offers a draw (Lag: Av=0.98s, max=3.6s)} 1/2-1/2

[Event "448. Wednesday (05.08.2020)"]
[Site "Official B"]
[Date "2020.08.05"]
[Round "1"]
[White "Dagobert52"]
[Black "Legenda56"]
[Result "0-1"]
[WhiteElo "1576"]
[BlackElo "1816"]
[Annotator "NA RC"]
[PlyCount "74"]
[EventDate "2020.08.05"]
[EventType "swiss (blitz)"]

1. e4 {[%emt 0:00:02]} e5 {[%emt 0:00:02]} 2. Nf3 {[%emt 0:00:02]} Nc6 {[%emt 0:00:02]} 3. Bc4 {[%emt 0:00:02]} Nf6 {[%emt 0:00:02]} 4. d3 {[%emt 0:00:02]} Be7 {[%emt 0:00:02]} 5. O-O {[%emt 0:00:02]} d6 {[%emt 0:00:03]} 6. Nbd2 {[%emt 0:00:02]} O-O {[%emt 0:00:01]} 7. Re1 {[%emt 0:00:03]} h6 {[%emt 0:00:11]} 8. h3 {[%emt 0:00:13]} Na5 {[%emt 0:00:04]} 9. Bb3 {[%emt 0:00:02]} Nxb3 {[%emt 0:00:04]} 10. axb3 {[%emt 0:00:02]} a6 {[%emt 0:00:02]} 11. Nf1 {[%emt 0:00:02]} Re8 {[%emt 0:00:05]} 12. N3h2 {[%emt 0:00:05]} Bf8 {[%emt 0:00:02]} 13. f4 {[%emt 0:00:02]} exf4 {[%emt 0:00:02]} 14. Bxf4 {[%emt 0:00:03]} g6 {[%emt 0:00:07]} 15. Qd2 {[%emt 0:00:04]} Kh7 {[%emt 0:00:02]} 16. Ng3 {[%emt 0:00:15]} Bg7 {[%emt 0:00:03]} 17. Rf1 {[%emt 0:00:04]} Qe7 {[%emt 0:00:14]} 18. Rae1 {[%emt 0:00:03]} Ng8 {[%emt 0:00:21]} 19. Ng4 {[%emt 0:00:07]} h5 {[%emt 0:00:06]} 20. Nh2 {[%emt 0:00:02]} f6 {[%emt 0:00:06]} 21. d4 {[%emt 0:00:03]} Qf8 {[%emt 0:00:23]} 22. c3 {[%emt 0:00:03]} Bd7 {[%emt 0:00:02]} 23. Nf3 {[%emt 0:00:08]} Rad8 {[%emt 0:00:04]} 24. Qc1 {[%emt 0:00:08]} b5 {[%emt 0:00:09]} 25. Bd2 {[%emt 0:00:02]} Bc8 {[%emt 0:00:03]} 26. Ne2 {[%emt 0:00:06]} c5 {[%emt 0:00:02]} 27. Ng3 {[%emt 0:00:12]} Bb7 {[%emt 0:00:03]} 28. d5 {[%emt 0:00:03]} Bc8 {[%emt 0:00:02]} 29. c4 {[%emt 0:00:02]} Bd7 {[%emt 0:00:03]} 30. Re2 {[%emt 0:00:03]} Re7 {[%emt 0:00:04]} 31. Bf4 {[%emt 0:00:04]} Ree8 {[%emt 0:00:04]} 32. Qa1 {[%emt 0:00:07]} Nh6 {[%emt 0:00:06]} 33. Qxa6 {[%emt 0:00:08]} bxc4 {[%emt 0:00:03]} 34. bxc4 {[%emt 0:00:02]} Bc8 {[%emt 0:00:03]} 35. Qa1 {[%emt 0:00:15]} Nf7 {[%emt 0:00:03]} 36. b3 {[%emt 0:00:05]} f5 {[%emt 0:00:03]} 37. exf5 {[%emt 0:00:06]} Bxa1 {[%emt 0:00:02] Dagobert52 gibt auf (Lag: Av=0.73s, max=1.4s)} 0-1

[Event "448. Wednesday (05.08.2020)"]
[Site "Official B"]
[Date "2020.08.05"]
[Round "1"]
[White "Tackiness"]
[Black "Dukic"]
[Result "0-1"]
[WhiteElo "1548"]
[BlackElo "1873"]
[Annotator "NA RC"]
[PlyCount "25"]
[EventDate "2020.08.05"]
[EventType "swiss (blitz)"]

1. d4 {[%emt 0:00:06]} c6 {[%emt 0:00:04]} 2. Nf3 {[%emt 0:00:03]} d6 {[%emt 0:00:00]} 3. Bf4 {[%emt 0:00:03]} Bg4 {[%emt 0:00:02]} 4. e3 {[%emt 0:00:03]} Nd7 {[%emt 0:00:01]} 5. Be2 {[%emt 0:00:01]} Qb6 {[%emt 0:00:03]} 6. b3 {[%emt 0:00:05]} Ngf6 {[%emt 0:00:05]} 7. Nbd2 {[%emt 0:00:03]} Nd5 {[%emt 0:00:07]} 8. Nc4 {[%emt 0:00:28]} Qc7 {[%emt 0:00:14]} 9. Qd3 {[%emt 0:00:07]} b5 {[%emt 0:00:11]} 10. Ncd2 {[%emt 0:00:08]} Bh5 {[%emt 0:00:16]} 11. O-O {[%emt 0:00:24]} Bg6 {[%emt 0:00:03]} 12. e4 {[%emt 0:00:03]} Nxf4 {[%emt 0:00:02]} 13. Qxb5 {[%emt 0:00:05] Tackiness geeft op (Lag: Av=0.33s, max=0.4s)} 0-1

[Event "448. Wednesday (05.08.2020)"]
[Site "Official B"]
[Date "2020.08.05"]
[Round "1"]
[White "W0rthl33s"]
[Black "Oliverfab"]
[Result "0-1"]
[WhiteElo "1513"]
[BlackElo "1900"]
[Annotator "NA RC"]
[PlyCount "84"]
[EventDate "2020.08.05"]
[EventType "swiss (blitz)"]
[BlackTeam "SV Laatzen"]

{- Fábregas, Oliver (1915)} 1. Nf3 {[%emt 0:00:02]} e6 {[%emt 0:00:01]} 2. d4 {[%emt 0:00:01]} f5 {[%emt 0:00:02]} 3. c3 {[%emt 0:00:03]} Nf6 {[%emt 0:00:01]} 4. Bg5 {[%emt 0:00:02]} Be7 {[%emt 0:00:01]} 5. Bxf6 {[%emt 0:00:02]} Bxf6 {[%emt 0:00:02]} 6. Nbd2 {[%emt 0:00:01]} b6 {[%emt 0:00:02]} 7. e4 {[%emt 0:00:02]} Bb7 {[%emt 0:00:08]} 8. exf5 {[%emt 0:00:02]} exf5 {[%emt 0:00:02]} 9. Bd3 {[%emt 0:00:01]} g6 {[%emt 0:00:05]} 10. O-O {[%emt 0:00:02]} O-O {[%emt 0:00:02]} 11. Re1 {[%emt 0:00:04]} d6 {[%emt 0:00:08]} 12. Qb3+ {[%emt 0:00:07]} Kg7 {[%emt 0:00:03]} 13. Bc4 {[%emt 0:00:19]} Nd7 {[%emt 0:00:24]} 14. a4 {[%emt 0:00:27]} a5 {[%emt 0:00:02]} 15. h3 {[%emt 0:00:11]} Re8 {[%emt 0:00:08]} 16. Nh2 {[%emt 0:00:03]} Nf8 {[%emt 0:00:10]} 17. g4 {[%emt 0:00:42]} Qd7 {[%emt 0:00:05]} 18. Ndf3 {[%emt 0:00:10]} fxg4 {[%emt 0:00:14]} 19. d5 {[%emt 0:00:42]} gxf3 {[%emt 0:00:05]} 20. Nxf3 {[%emt 0:00:03]} Rxe1+ {[%emt 0:00:11]} 21. Rxe1 {[%emt 0:00:02]} Re8 {[%emt 0:00:02]} 22. Bb5 {[%emt 0:00:08]} Rxe1+ {[%emt 0:00:03]} 23. Nxe1 {[%emt 0:00:01]} Qe7 {[%emt 0:00:02]} 24. Nf3 {[%emt 0:00:04]} Nd7 {[%emt 0:00:05]} 25. Bc6 {[%emt 0:00:09]} Bxc6 {[%emt 0:00:06]} 26. dxc6 {[%emt 0:00:02]} Nc5 {[%emt 0:00:02]} 27. Qc4 {[%emt 0:00:05]} Qe4 {[%emt 0:00:07]} 28. Nd4 {[%emt 0:00:02]} Bxd4 {[%emt 0:00:03]} 29. cxd4 {[%emt 0:00:00]} Ne6 {[%emt 0:00:19]} 30. Qa6 {[%emt 0:00:04]} Nxd4 {[%emt 0:00:05]} 31. Qc8 {[%emt 0:00:04]} Qxc6 {[%emt 0:00:06]} 32. Qd8 {[%emt 0:00:06]} Nf3+ {[%emt 0:00:18]} 33. Kg2 {[%emt 0:00:21]} Nh4+ {[%emt 0:00:17]} 34. Kg3 {[%emt 0:00:07]} Nf5+ {[%emt 0:00:02]} 35. Kf4 {[%emt 0:00:10]} Qc4+ {[%emt 0:00:08]} 36. Kf3 {[%emt 0:00:01]} Qd3+ {[%emt 0:00:04]} 37. Kg2 {[%emt 0:00:03]} Qe4+ {[%emt 0:00:03]} 38. Kf1 {[%emt 0:00:02]} Qe7 {[%emt 0:00:04]} 39. Qc8 {[%emt 0:00:03]} h5 {[%emt 0:00:02]} 40. Qb7 {[%emt 0:00:03]} h4 {[%emt 0:00:02]} 41. Qd5 {[%emt 0:00:02]} Qe3 {[%emt 0:00:12]} 42. fxe3 {[%emt 0:00:02]} Nxe3+ {[%emt 0:00:01] W0rthl33s gibt auf (Lag: Av=0.83s, max=1.3s)} 0-1

[Event "448. Wednesday (05.08.2020)"]
[Site "Official B"]
[Date "2020.08.05"]
[Round "1"]
[White "Holzpferd"]
[Black "K_J"]
[Result "0-1"]
[WhiteElo "1481"]
[BlackElo "1956"]
[Annotator "TA"]
[PlyCount "54"]
[EventDate "2020.08.05"]
[EventType "swiss (blitz)"]

{[%evp 9,54,-26,-18,-39,-22,-41,-11,-30,1,-59,-56,-68,-9,-41,0,-47,25,36,66,54,61,24,30,2,2,2,4,-19,0,0,26,16,68,60,92,39,46,40,107,11,104,109,102,81,81,0,0]} 1. c4 c6 2. Nc3 d5 3. cxd5 cxd5 4. e3 Nf6 5. g3 Bf5 6. Bg2 {A11: English Opening: 1...c6.} e6 7. Nge2 Nc6 8. O-O Be7 9. b3 (9. d3 $11) 9... O-O $15 10. Bb2 {[#]} a6 $146 (10... Nb4 $15) ({Predecessor:} 10... Rc8 11. Rc1 Qa5 12. d4 Nb4 13. a3 Nd3 14. Rc2 Nxb2 15. Rxb2 a6 16. a4 Rc7 {0-1 (34) Johnson,A-Ballester,A (2127) ICC INT 2009}) 11. Rc1 Qd7 12. d3 Nb4 (12... Rad8 $15) 13. e4 $11 Bg6 14. a3 Nc6 15. Nf4 {[%cal Re4d5]} dxe4 16. Nxg6 hxg6 17. dxe4 Rfd8 18. Qe2 Nd4 19. Qd1 Qe8 20. e5 Nh7 (20... Nf5 $11 21. Qe2 Nd4) 21. Ne4 $36 {[%mdl 2048] White has good play.} ({Reject} 21. Bxb7 Rab8 $11) 21... Nc6 22. Nd6 (22. Qg4 $16) 22... Bxd6 $14 23. exd6 Nf6 ({Black should try} 23... Qf8 $14) 24. Qd2 ({White should play} 24. Bxf6 $16 gxf6 25. Bxc6 bxc6 26. Qd3) 24... Rac8 (24... Qf8 $1 $11 {keeps the balance.}) 25. Rfd1 $16 {[#] Strongly threatening Bxf6.} Rd7 26. Qf4 Qd8 27. h4 (27. a4 $16) 27... Ne8 $1 {[%mdl 32768] Accuracy: White = 61%, Black = 48%. . Loss on time!?} 0-1

[Event "448. Wednesday (05.08.2020)"]
[Site "Official B"]
[Date "2020.08.05"]
[Round "1"]
[White "Alexmil2020"]
[Black "Meini"]
[Result "0-1"]
[WhiteElo "1433"]
[BlackElo "1812"]
[Annotator "NA RC"]
[PlyCount "54"]
[EventDate "2020.08.05"]
[EventType "swiss (blitz)"]

{Milgevsky, Alexander} 1. e4 {[%emt 0:00:02]} c6 {[%emt 0:00:04]} 2. Nc3 {[%emt 0:00:01]} d5 {[%emt 0:00:01]} 3. exd5 {[%emt 0:00:02]} cxd5 {[%emt 0:00:01]} 4. d4 {[%emt 0:00:01]} Nc6 {[%emt 0:00:01]} 5. Nf3 {[%emt 0:00:01]} Bg4 {[%emt 0:00:01]} 6. h3 {[%emt 0:00:01]} Bh5 {[%emt 0:00:01]} 7. Be2 {[%emt 0:00:02]} e6 {[%emt 0:00:01]} 8. Ne5 {[%emt 0:00:02]} Bxe2 {[%emt 0:00:06]} 9. Nxe2 {[%emt 0:00:01]} Nf6 {[%emt 0:00:05]} 10. c4 {[%emt 0:00:01]} dxc4 {[%emt 0:00:06]} 11. Nxc4 {[%emt 0:00:03]} Bb4+ {[%emt 0:00:03]} 12. Bd2 {[%emt 0:00:02]} O-O {[%emt 0:00:10]} 13. Bxb4 {[%emt 0:00:03]} Nxb4 {[%emt 0:00:02]} 14. O-O {[%emt 0:00:01]} Rc8 {[%emt 0:00:03]} 15. a3 {[%emt 0:00:03]} Rxc4 {[%emt 0:00:05]} 16. axb4 {[%emt 0:00:01]} Rxb4 {[%emt 0:00:01]} 17. Rxa7 {[%emt 0:00:01]} Rxb2 {[%emt 0:00:01]} 18. Re1 {[%emt 0:00:09]} Qb6 {[%emt 0:00:02]} 19. Qa4 {[%emt 0:00:05]} Qb4 {[%emt 0:00:13]} 20. Ra6 {[%emt 0:00:02]} Qxe1+ {[%emt 0:00:02]} 21. Kh2 {[%emt 0:00:02]} Qxe2 {[%emt 0:00:01]} 22. Ra8 {[%emt 0:00:01]} g6 {[%emt 0:00:07]} 23. Rxf8+ {[%emt 0:00:06]} Kxf8 {[%emt 0:00:01]} 24. Qa8+ {[%emt 0:00:02]} Kg7 {[%emt 0:00:02]} 25. d5 {[%emt 0:00:01]} Nxd5 {[%emt 0:00:03]} 26. Qa7 {[%emt 0:00:08]} Qxf2 {[%emt 0:00:03]} 27. Qxf2 {[%emt 0:00:02]} Rxf2 {[%emt 0:00:02] Alexmil2020 Сдается (Lag: Av=0.45s, max=0.8s)} 0-1

[Event "448. Wednesday (05.08.2020)"]
[Site "Official B"]
[Date "2020.08.05"]
[Round "1"]
[White "Weissi"]
[Black "Ppngh"]
[Result "0-1"]
[WhiteElo "1418"]
[BlackElo "1773"]
[Annotator "NA RC"]
[PlyCount "54"]
[EventDate "2020.08.05"]
[EventType "swiss (blitz)"]

1. d4 {[%emt 0:00:03]} c5 {[%emt 0:00:03]} 2. d5 {[%emt 0:00:04]} d6 {[%emt 0:00:03]} 3. c4 {[%emt 0:00:01]} e5 {[%emt 0:00:02]} 4. Nc3 {[%emt 0:00:01]} f5 {[%emt 0:00:02]} 5. e4 {[%emt 0:00:07]} Nf6 {[%emt 0:00:03]} 6. Bg5 {[%emt 0:00:06]} Be7 {[%emt 0:00:07]} 7. Bd3 {[%emt 0:00:20]} Nxd5 {[%emt 0:00:04]} 8. Bxe7 {[%emt 0:00:08]} Nxe7 {[%emt 0:00:02]} 9. exf5 {[%emt 0:00:16]} Bxf5 {[%emt 0:00:03]} 10. Bxf5 {[%emt 0:00:23]} Nxf5 {[%emt 0:00:03]} 11. Qd5 {[%emt 0:00:46]} Nc6 {[%emt 0:00:15]} 12. Nf3 {[%emt 0:00:22]} Qe7 {[%emt 0:00:13]} 13. O-O {[%emt 0:00:07]} O-O-O {[%emt 0:00:11]} 14. a3 {[%emt 0:00:34]} g5 {[%emt 0:00:25]} 15. h3 {[%emt 0:00:05]} h5 {[%emt 0:00:03]} 16. b4 {[%emt 0:00:16]} cxb4 {[%emt 0:00:08]} 17. axb4 {[%emt 0:00:07]} Nxb4 {[%emt 0:00:03]} 18. Qb5 {[%emt 0:00:18]} Na6 {[%emt 0:00:11]} 19. Nd5 {[%emt 0:00:11]} Qd7 {[%emt 0:00:09]} 20. Rfb1 {[%emt 0:00:13]} g4 {[%emt 0:00:23]} 21. hxg4 {[%emt 0:00:05]} hxg4 {[%emt 0:00:03]} 22. Nd2 {[%emt 0:00:05]} g3 {[%emt 0:00:05]} 23. f3 {[%emt 0:00:02]} Nd4 {[%emt 0:00:18]} 24. Qb2 {[%emt 0:00:10]} Rh1+ {[%emt 0:00:03]} 25. Kxh1 {[%emt 0:00:03]} Qh7+ {[%emt 0:00:03]} 26. Kg1 {[%emt 0:00:01]} Qh2+ {[%emt 0:00:02]} 27. Kf1 {[%emt 0:00:02]} Qh1# {[%emt 0:00:01] (Lag: Av=0.55s, max=0.9s)} 0-1

[Event "448. Wednesday (05.08.2020)"]
[Site "Official B"]
[Date "2020.08.05"]
[Round "1"]
[White "W Nelles"]
[Black "SyWolf777"]
[Result "0-1"]
[WhiteElo "1357"]
[BlackElo "1664"]
[Annotator "NA RC"]
[PlyCount "54"]
[EventDate "2020.08.05"]
[EventType "swiss (blitz)"]

1. e4 {[%emt 0:00:02]} e5 {[%emt 0:00:01]} 2. Nf3 {[%emt 0:00:01]} Nc6 {[%emt 0:00:01]} 3. d4 {[%emt 0:00:02]} exd4 {[%emt 0:00:01]} 4. Nxd4 {[%emt 0:00:01]} Nf6 {[%emt 0:00:02]} 5. Nxc6 {[%emt 0:00:01]} bxc6 {[%emt 0:00:03]} 6. Nc3 {[%emt 0:00:01]} Bc5 {[%emt 0:00:06]} 7. Be3 {[%emt 0:00:03]} Bxe3 {[%emt 0:00:04]} 8. fxe3 {[%emt 0:00:01]} Qe7 {[%emt 0:00:04]} 9. Qf3 {[%emt 0:00:06]} O-O {[%emt 0:00:07]} 10. O-O-O {[%emt 0:00:02]} d6 {[%emt 0:00:07]} 11. Bd3 {[%emt 0:00:01]} Bg4 {[%emt 0:00:04]} 12. Qh3 {[%emt 0:00:09]} Bxh3 {[%emt 0:00:06]} 13. gxh3 {[%emt 0:00:05]} d5 {[%emt 0:00:02]} 14. Rhg1 {[%emt 0:00:06]} dxe4 {[%emt 0:00:04]} 15. Be2 {[%emt 0:00:03]} Rfd8 {[%emt 0:00:06]} 16. h4 {[%emt 0:00:04]} Rxd1+ {[%emt 0:00:03]} 17. Nxd1 {[%emt 0:00:02]} Nd5 {[%emt 0:00:03]} 18. Kb1 {[%emt 0:00:11]} Qxh4 {[%emt 0:00:08]} 19. Bc4 {[%emt 0:00:15]} Qxh2 {[%emt 0:00:05]} 20. Rf1 {[%emt 0:00:03]} Rd8 {[%emt 0:00:11]} 21. c3 {[%emt 0:00:09]} Qg2 {[%emt 0:00:08]} 22. Rf2 {[%emt 0:00:07]} Qg5 {[%emt 0:00:13]} 23. a3 {[%emt 0:00:08]} h5 {[%emt 0:00:02]} 24. Ka2 {[%emt 0:00:12]} Rd7 {[%emt 0:00:02]} 25. Rd2 {[%emt 0:00:15]} Nxc3+ {[%emt 0:00:03]} 26. bxc3 {[%emt 0:00:03]} Rxd2+ {[%emt 0:00:02]} 27. Kb3 {[%emt 0:00:01]} Rxd1 {[%emt 0:00:07] W Nelles gibt auf (Lag: Av=0.69s, max=1.2s)} 0-1

[Event "448. Wednesday (05.08.2020)"]
[Site "Official B"]
[Date "2020.08.05"]
[Round "1"]
[White "Rainer Günnel"]
[Black "möwe"]
[Result "0-1"]
[WhiteElo "1326"]
[BlackElo "1536"]
[Annotator "NA RC"]
[PlyCount "56"]
[EventDate "2020.08.05"]
[EventType "swiss (blitz)"]

1. d4 {[%emt 0:00:03]} d5 {[%emt 0:00:08]} 2. c4 {[%emt 0:00:02]} e5 {[%emt 0:00:02]} 3. dxe5 {[%emt 0:00:02]} d4 {[%emt 0:00:01]} 4. a3 {[%emt 0:00:01]} c5 {[%emt 0:00:02]} 5. g3 {[%emt 0:00:01]} Nc6 {[%emt 0:00:03]} 6. f4 {[%emt 0:00:02]} Bg4 {[%emt 0:00:07]} 7. Bg2 {[%emt 0:00:03]} Be7 {[%emt 0:00:07]} 8. Nf3 {[%emt 0:00:14]} Nh6 {[%emt 0:00:04]} 9. O-O {[%emt 0:00:01]} Nf5 {[%emt 0:00:02]} 10. h3 {[%emt 0:00:08]} Bxf3 {[%emt 0:00:03]} 11. Rxf3 {[%emt 0:00:09]} h5 {[%emt 0:00:09]} 12. g4 {[%emt 0:00:15]} hxg4 {[%emt 0:00:02]} 13. hxg4 {[%emt 0:00:01]} Nh4 {[%emt 0:00:11]} 14. Rh3 {[%emt 0:00:09]} g5 {[%emt 0:00:09]} 15. f5 {[%emt 0:00:06]} f6 {[%emt 0:00:03]} 16. e6 {[%emt 0:00:16]} Qc7 {[%emt 0:00:19]} 17. Nd2 {[%emt 0:00:16]} O-O-O {[%emt 0:00:06]} 18. Nf3 {[%emt 0:00:02]} Nxf3+ {[%emt 0:00:05]} 19. exf3 {[%emt 0:00:04]} Rxh3 {[%emt 0:00:05]} 20. Bxh3 {[%emt 0:00:01]} Qg3+ {[%emt 0:00:03]} 21. Bg2 {[%emt 0:00:10]} Bd6 {[%emt 0:00:08]} 22. Bd2 {[%emt 0:00:04]} Rh8 {[%emt 0:00:08]} 23. Qe1 {[%emt 0:00:10]} Qh2+ {[%emt 0:00:09]} 24. Kf1 {[%emt 0:00:01]} Bg3 {[%emt 0:00:06]} 25. Qc1 {[%emt 0:00:11]} Ne5 {[%emt 0:00:05]} 26. f4 {[%emt 0:00:06]} gxf4 {[%emt 0:00:06]} 27. Qd1 {[%emt 0:00:22]} f3 {[%emt 0:00:05]} 28. Bxf3 {[%emt 0:00:02]} Qf2# {[%emt 0:00:02] (Lag: Av=0.47s, max=0.7s)} 0-1

[Event "448. Wednesday (05.08.2020)"]
[Site "Official B"]
[Date "2020.08.05"]
[Round "1"]
[White "Mandy"]
[Black "Inter_slo"]
[Result "0-1"]
[WhiteElo "961"]
[BlackElo "1758"]
[Annotator "NA RC"]
[PlyCount "42"]
[EventDate "2020.08.05"]
[EventType "swiss (blitz)"]

1. d4 {[%emt 0:00:04]} c5 {[%emt 0:00:08]} 2. c3 {[%emt 0:00:03]} g6 {[%emt 0:00:11]} 3. Bf4 {[%emt 0:00:02]} Bg7 {[%emt 0:00:02]} 4. e3 {[%emt 0:00:02]} Nf6 {[%emt 0:00:02]} 5. Nf3 {[%emt 0:00:01]} O-O {[%emt 0:00:03]} 6. h3 {[%emt 0:00:01]} d5 {[%emt 0:00:01]} 7. Bd3 {[%emt 0:00:02]} c4 {[%emt 0:00:14]} 8. Be2 {[%emt 0:00:07]} Re8 {[%emt 0:00:03]} 9. O-O {[%emt 0:00:03]} Nbd7 {[%emt 0:00:03]} 10. Nbd2 {[%emt 0:00:02]} Nh5 {[%emt 0:00:03]} 11. g4 {[%emt 0:00:09]} Nxf4 {[%emt 0:00:04]} 12. exf4 {[%emt 0:00:02]} Qc7 {[%emt 0:00:01]} 13. Qc2 {[%emt 0:00:28]} Qxf4 {[%emt 0:00:03]} 14. b3 {[%emt 0:00:15]} b5 {[%emt 0:00:05]} 15. Rad1 {[%emt 0:00:11]} e5 {[%emt 0:00:22]} 16. bxc4 {[%emt 0:00:11]} dxc4 {[%emt 0:00:10]} 17. g5 {[%emt 0:00:27]} Bb7 {[%emt 0:00:08]} 18. Kg2 {[%emt 0:00:24]} e4 {[%emt 0:00:05]} 19. d5 {[%emt 0:00:24]} exf3+ {[%emt 0:00:10]} 20. Bxf3 {[%emt 0:00:05]} Be5 {[%emt 0:00:11]} 21. Ne4 {[%emt 0:00:06]} Qh2# {[%emt 0:00:43] (Lag: Av=0.53s, max=0.7s)} 0-1